| 000 | 01427nam a2200217 a 4500 | ||
|---|---|---|---|
| 005 | 20210223131501.0 | ||
| 008 | 110323s2009 mx r 000 0 spa d | ||
| 020 | _a9786074940053 | ||
| 035 | _aUPN01000179805 | ||
| 049 | _aCD | ||
| 050 | 4 |
_aHA767 Z3 _bS5 2009 |
|
| 110 | 2 | _aInstituto Nacional de Estadística, Geografía e Informática (México) | |
| 245 | 1 | 0 |
_aSistema para la consulta del anuario estadístico de Zacatecas 2009 / _cInstituto Nacional de Estadística, Geografía e Informática. |
| 260 |
_aAguascalientes : _bINEGI : _cc2009. |
||
| 300 |
_a1 CD-ROM ; _c4 3/4 plg. |
||
| 500 | _aCD-ROM, solicítalo en el depto. de Documentación | ||
| 538 | _aSoftware: Microsoft Windows 98, 2000 o XP - Navegador Internet Explorer 5.0 o posterior (Se incluye en el disco compacto la versión 7.0; en caso de instalarse requiere 14 Mb ) - Excel 2003 (Se incluye en el disco compacto la versión Viewer 2003; en caso de instalarse requiere 10 Mb ) - Acrobat Reader 6.0 (Se incluye en el disco compacto la versión 8.0; en caso de instalarse requiere 21 Mb). Hardware: Computadora personal con procesador Pentium III o superior - 64 Mb de memoria RAM - 45 Mb de espacio disponible en disco duro - Unidad lectora de disco compacto - Monitor - Ratón - Impresora (opcional) | ||
| 651 | 4 |
_aZACATECAS - _vESTADISTICA - _vANUARIOS _913221 |
|
| 650 |
_aESTADISTICA - _xPROGRAMAS PARA COMPUTADORA _917767 |
||
| 905 | _aElectrónico | ||
| 999 |
_c151908 _d151908 |
||